Clases sociales : pedagogías y reforma educativa (Record no. 64134)

MARC details
000 -CABECERA
campo de control de longitud fija 00516nam a2200193 a 4500
005 - FECHA Y HORA DE LA ÚLTIMA TRANSACCIÓN
campo de control 20210219152932.0
008 - ELEMENTOS DE LONGITUD FIJA--INFORMACIÓN GENERAL
campo de control de longitud fija 991125n 000 0 u
035 ## - NÚMERO DE CONTROL DEL SISTEMA
Número de control de sistema UPN01000067679
100 ## - ASIENTO PRINCIPAL--NOMBRE PERSONAL
Nombre de persona VARELA, Julia
222 ## - TÍTULO CLAVE
Título clave REVISTA DE EDUCACION
245 ## - MENCIÓN DE TÍTULO
Título Clases sociales : pedagogías y reforma educativa
300 ## - DESCRIPCIÓN FÍSICA
Extensión 219-236
362 ## - FECHAS DE PUBLICACIÓN Y/O DESIGNACIÓN SECUENCIAL
Fecha de publicación y/o designación secuencial 1990 No. 292, may.-ago.
653 0# - TERMINO DE INDIZACION - NO CONTROLADO
Término no controlado CLASES SOCIALES
653 0# - TERMINO DE INDIZACION - NO CONTROLADO
Término no controlado CRISIS EDUCATIVA
653 0# - TERMINO DE INDIZACION - NO CONTROLADO
Término no controlado REFORMA EDUCATIVA
904 ## - ELEMENTOS DE DATOS D LOCAL, LDD (RLIN)
a AC
b 005490
905 ## - TIPO DE MATERIAL
Tipo de material Articulo

No items available.